|
|
|
|
| LEADER |
01267nam a2200241 i 4500 |
| 003 |
GR-PaULI |
| 005 |
20241008063351.0 |
| 008 |
170502s2000 gr ||||g |||| 001 1 gre d |
| 020 |
|
|
|a 960385056X
|
| 040 |
|
|
|a GR-PaULI
|b gre
|c GR-PaULI
|e AACR2
|
| 082 |
0 |
4 |
|a 888.142 3
|2 23
|
| 082 |
0 |
4 |
|a 889.12
|2 23
|
| 100 |
1 |
|
|a Βελουδής, Γιώργος,
|d 1935-
|e συγγραφέας
|9 31520
|
| 245 |
1 |
0 |
|a Κριτικά στο Σολωμό :
|b κριτικά, φιλολογικά, ερμηνευτικά /
|c Γιώργος Βελουδής.
|
| 260 |
|
|
|a Αθήνα ;
|a Γιάννινα :
|b Δωδώνη,
|c 2000.
|
| 300 |
|
|
|a 274 σ. ;
|c 23 εκ.
|
| 500 |
|
|
|a Περιλαμβάνει ευρετήριο.
|
| 600 |
1 |
0 |
|a Σολωμός, Διονύσιος,
|d 1798-1857,
|x Ερμηνεία και κριτική
|9 42989
|
| 942 |
|
|
|2 ddc
|c BK15
|
| 952 |
|
|
|0 0
|1 0
|2 ddc
|4 0
|6 888_142000000000000_3_ΣΟΛ_ΒΕΛ
|7 0
|9 211839
|a THST
|b THST
|d 2017-05-02
|i 010167
|l 0
|o 888.142 3 ΣΟΛ ΒΕΛ
|p 025000199290
|r 2017-05-02 00:00:00
|t 1
|v 2017.00
|w 2017-05-02
|y BK15
|
| 952 |
|
|
|0 0
|1 0
|2 ddc
|4 0
|6 889_120000000000000_ΒΕΛ
|7 0
|9 214666
|a LISP
|b LISP
|c DON
|d 2017-08-31
|e ΒΑΛ
|i 126541
|l 0
|o 889.12 ΒΕΛ
|p 025000244508
|r 2017-08-31 00:00:00
|t 2
|v 2017.00
|w 2017-08-31
|y BK15
|
| 998 |
|
|
|c ΜΑΝΙΑ
|d 2017-05
|
| 999 |
|
|
|c 128866
|d 128866
|